000 01528nam a2200493Ia 4500
001 160657
003 255557
005 20240712165357.0
008 180629e2013 spa||||||||| 000 0 spa d
041 _aspa
082 _a155.4
100 _aPolo Muñoz, Arlet
_9202109
245 0 _aEstado del arte de las investigaciones sobre infancia realizadas en el periodo 1980-2008 en el Programa de Psicología de la Universidad INCCA de Colombia en la ciudad de Bogotá
250 _aPrimera edición
260 _c2013.
504 _aBibliografía: páginas 89-92.
562 _e1
650 _aDESARROLLO INFANTIL--INVESTIGACIONES--BOGOTÁ (COLOMBIA)--1980-2008
_9202110
650 _aNIÑOS--CALIDAD DE VIDA--BOGOTÁ (COLOMBIA)--1980-2008
_9202111
650 _aNIÑOS--CONDICIONES ECONÓMICAS--BOGOTÁ (COLOMBIA)--1980-2008
_9202112
650 _aNIÑOS--CONDICIONES SOCIALES--BOGOTÁ (COLOMBIA)--1980-2008
_9202113
650 _aPSICOLOGÍA INFANTIL--INVESTIGACIONES--BOGOTÁ (COLOMBIA)
_9202114
650 _aPSICOLOGÍA SOCIAL--INVESTIGACIONES--BOGOTÁ (COLOMBIA)--1980-2008
_9202115
942 _cBKM
999 _c160657
_d160657
526 _a17598
526 _a102617
526 _a102618
526 _a15794
526 _a102620
526 _a10406
526 _a105630
526 _a1698
526 _a116204
526 _a4969
526 _a19790
526 _a104436
526 _a5144
526 _a51868
526 _a3899
526 _a9683
526 _a
526 _a1703
526 _a1697